000 00661nam a22002297a 4500
003 UA-OsUOA
001 97809
007 ta
008 20130405b un ||||| |||| 00| 0 ukr d
100 _aПаустовский К.
090 _a821.161.1
_bП21
942 _cBK
040 _aUA-OsUOA
_brus
_cUA-OsUOA
_dUA-OsUOA
245 _aЧерное море
_bповести, рассказы, очерки, статьи
300 _a325 с.
955 _a3
041 _arus
080 _a821.161.1
260 _aСимферополь
_bТаврия
_c1973
650 7 _a82 Література. Літературознавство
_2UDC
999 _c383978
_d383978